Central Library OPAC University of Rajshahi

উনিশ শতকের বাঙালিজীবন ও সংস্কৃতি / (Record no. 81502)

MARC details
000 -LEADER
fixed length control field 00876nam a2200229 a 4500
001 - CONTROL NUMBER
control field 81502
003 - CONTROL NUMBER IDENTIFIER
rucl marc code BD-RjUL
005 - DATE AND TIME OF LATEST TRANSACTION
control field 20230604114951.0
008 - FIXED-LENGTH DATA ELEMENTS--GENERAL INFORMATION
fixed length control field 230601s2003 ii ||||| |||| 00| 0 ben d
020 ## - INTERNATIONAL STANDARD BOOK NUMBER
International Standard Book Number 818547186X
035 ## - SYSTEM CONTROL NUMBER
System control number (BD-RjUL)81502
040 ## - CATALOGING SOURCE
Original cataloging agency BD-RjUL
Language of cataloging eng
Transcribing agency BD-RjUL
041 ## - LANGUAGE CODE
Language code of text/sound track or separate title ben
082 ## - DEWEY DECIMAL CLASSIFICATION NUMBER
Edition number 23
Classification number 954.14
Author mark and year UNI 2019
100 ## - MAIN ENTRY--PERSONAL NAME
Personal name বসু, স্বপন
9 (RLIN) 7832
245 ## - TITLE STATEMENT
Title উনিশ শতকের বাঙালিজীবন ও সংস্কৃতি /
Statement of responsibility, etc. স্বপন বসু, ইন্দ্রজিৎ চৌধুরী সম্পাদিত
300 ## - PHYSICAL DESCRIPTION
Pagination ৫৯৫ পৃ.;
Size ২৪ সেমি.
651 ## - SUBJECT ADDED ENTRY--GEOGRAPHIC NAME
Geographic name পশ্চিমবঙ্গ (ভারত)
General subdivision ইতিহাস
9 (RLIN) 7845
Geographic name West Bengal (India)
9 (RLIN) 7834
General subdivision History
700 ## - ADDED ENTRY--PERSONAL NAME
Personal name চৌধুরী, ইন্দ্রজিৎ
942 ## - ADDED ENTRY ELEMENTS (KOHA)
Source of classification or shelving scheme Dewey Decimal Classification
Koha item type Books
Holdings
Lost status Source of classification or shelving scheme Damaged status Not for loan Collection code Permanent Location Current Location Shelving location Date acquired Source of acquisition Cost, normal purchase price Total Checkouts Full call number Date last seen Copy number Koha item type
  Dewey Decimal Classification   Not For Loan Non-fiction Central Library, University of Rajshahi Central Library, University of Rajshahi Reading Room 28/05/2023 Dhaka: Omni Concept 500.00   B 954.14 UNI 2019 04/06/2023 C-1 Books
  Dewey Decimal Classification     Non-fiction Central Library, University of Rajshahi Central Library, University of Rajshahi General Stacks 28/05/2023 Dhaka: Omni Concept 500.00   B 954.14 UNI 2019 04/06/2023 C-2 Books